| 000 | 00581nam a2200205 a 4500 | ||
|---|---|---|---|
| 005 | 20140310183550.0 | ||
| 008 | 111013s19uu xx 00 eng d | ||
| 020 | _a9781111007102 | ||
| 020 | _a1111007101 | ||
| 050 |
_aQA 76.5 _b.B175 2009 |
||
| 100 | _aBaldauf, Kenneth | ||
| 245 |
_aDiscovering information technology / _cKenneth baldauf, Ralph Stair. |
||
| 260 |
_aAustralia : _bCengage Learning, _c2009. |
||
| 300 |
_a343 p. : _bill. ; _c24 cm. |
||
| 521 | _aIT | ||
| 650 | _aInformation technology | ||
| 700 | _aStair, Ralph | ||
| 942 |
_cBK _2lcc _kFOR |
||
| 999 |
_c24940 _d24940 |
||